Review of preventive and social medicine
Salvato in:
| Autore principale: | |
|---|---|
| Natura: | Sconosciuto |
| Pubblicazione: |
Kathmandu
Makalu Publication House
2007
|
| Accesso online: | Visit NHRC Library |
| Tags: |
Aggiungi Tag
Nessun Tag, puoi essere il primo ad aggiungerne! !
|
| LEADER | 00571 a2200181 4500 | ||
|---|---|---|---|
| 003 | 1322 | ||
| 005 | 20220906184530.0 | ||
| 952 | |0 0 |1 0 |2 lcc |4 0 |6 WA 00031/SHA/02007 |7 0 |9 118 |a NHRC |b NHRC |c CART |d 2012-03-25 |l 0 |o WA 31/SHA/2007 |p 001322 |r 2012-03-25 |w 2012-03-25 |y BK | ||
| 999 | |c 116 |d 116 | ||
| 060 | |a WA 31 | ||
| 100 | |a Sharma, Ghanashyam |9 4036 | ||
| 245 | |a Review of preventive and social medicine | ||
| 260 | |a Kathmandu |b Makalu Publication House |c 2007 | ||
| 300 | |a 204p. | ||
| 500 | |a Book | ||
| 546 | |a Eng. | ||
| 856 | |u http://nhrc.gov.np/contact/ |y Visit NHRC Library | ||
| 942 | |2 NLM |c BK | ||